LEADER 01557nam 2200433 450 001 9910480706203321 005 20190219230915.0 010 $a0-8261-6971-6 035 $a(CKB)4340000000266856 035 $a(MiAaPQ)EBC5358943 035 $a(OCoLC)959713430 035 $a(EXLCZ)994340000000266856 100 $a20180519d2017 uy 0 101 0 $aeng 135 $aurcnu|||||||| 181 $ctxt$2rdacontent 182 $cc$2rdamedia 183 $acr$2rdacarrier 200 00$aRadiation oncology review for boards and MOC /$feditors, Tithi Biswas and George Rodrigues 210 1$aNew York, New York :$cDemos Medical,$d[2017] 210 4$d©2017 215 $a1 online resource (474 pages) 311 $a0-8261-6969-4 330 $aProvides a rapid review of high-yield materials for preparation for the American Board of Radiology certification examination. The book provides a concise, targeted overview of the key knowledge within the each clinical area of radiation oncology practice, as well as to related topics that are relevant to practice and are covered on examinations. 606 $aTumors$xRadiotherapy 606 $aOncology 608 $aElectronic books. 615 0$aTumors$xRadiotherapy. 615 0$aOncology. 676 $a616.9940642 702 $aBiswas$b Tithi 702 $aRodrigues$b George 801 0$bMiAaPQ 801 1$bMiAaPQ 801 2$bMiAaPQ 906 $aBOOK 912 $a9910480706203321 996 $aRadiation oncology review for boards and MOC$92481410 997 $aUNINA LEADER 01453nas 2200481- 450 001 996336581103316 005 20200606062001.9 011 $a2366-049X 035 $a(CKB)110978976474647 035 $a(CONSER)--2017208100 035 $a(DE-599)ZDB2075946-0 035 $a(MiAaPQ)43500 035 $a(OCoLC)865451997 035 $a(EXLCZ)99110978976474647 100 $a20040804a18639999 s-d b 101 0 $ager 135 $aurmn||||||||| 181 $ctxt$2rdacontent 182 $cc$2rdamedia 183 $acr$2rdacarrier 200 00$aJahrbücher für Nationalökonomie und Statistik 210 1$aStuttgart, Germany :$cG. Fischer Verlag 210 31$aBerlin, Germany :$cDe Gruyter 215 $a1 online resource 300 $aPublished in Jena by F. Mauke, 1863-75; H. Dufft, 1876-77; G. Fischer, 1878-19. 300 $aRefereed/Peer-reviewed 311 $a0021-4027 606 $aEconomics$vPeriodicals 606 $aStatistics$vPeriodicals 606 $aEconomics$2fast$3(OCoLC)fst00902116 606 $aStatistics$2fast$3(OCoLC)fst01132103 606 $aStatistics as Topic 608 $aPeriodicals.$2fast 615 0$aEconomics 615 0$aStatistics 615 7$aEconomics. 615 7$aStatistics. 615 2$aStatistics as Topic. 676 $a314.3 906 $aJOURNAL 912 $a996336581103316 996 $aJahrbücher für Nationalökonomie und Statistik$9462086 997 $aUNISA